| 000 | 00959nam0a22002651 4500 | ||
|---|---|---|---|
| 001 | rc\3251667 | ||
| 005 | 20130115143003.1 | ||
| 021 |
_aRU _b[73-94708] |
||
| 035 | _a(NLR Aleph) 007479820 | ||
| 090 |
_a7504450 _c7504450 |
||
| 100 | _a20130115d1973 |||y0rusy50 ca | ||
| 101 | 0 | _arus | |
| 102 | _aRU | ||
| 105 | _aa z ||||| | ||
| 200 | 1 |
_aТретичные черепахи Зайсанской котловины _fАН ГССР. Ин-т палеобиологии |
|
| 210 |
_aТбилиси _cМецниереба _d1973 |
||
| 215 |
_a101 с., 8 л. ил. _cчерт. _d21 |
||
| 320 | _aСписок лит.: с. 87-98 | ||
| 606 |
_aЧерепахи ископаемые _zТретичный период _yЗайсанская котловина _2psbo |
||
| 700 | 1 |
_aЧхиквадзе _bВ. М. _gВячеслав Михайлович |
|
| 801 | 0 |
_aRU _bNLR _gpsbo |
|
| 801 | 1 |
_aRU _bELAR _2rusmarc |
|
| 852 |
_aNLR _j73-5/5411 |
||
| 942 | _cBOOK | ||
| 980 | _aNB | ||